Normal view
MARC view
- أدب الأطفال-تاريخ ونقد-القصة العربية القصيرة-قصص الأطفال
Entry Topical Term
001 - CONTROL NUMBER
- control field: 8647
003 - CONTROL NUMBER IDENTIFIER
- control field: JO-AjAnu
005 - DATE AND TIME OF LATEST TRANSACTION
- control field: 20230606071708.0
008 - FIXED-LENGTH DATA ELEMENTS
- fixed length control field: 230606|| aca||aabn | a|a d
040 ## - CATALOGING SOURCE
- Original cataloging agency: JO-AjAnu
- Transcribing agency: JO-AjAnu
150 ## - HEADING--TOPICAL TERM
- Topical term or geographic name entry element: أدب الأطفال-تاريخ ونقد-القصة العربية القصيرة-قصص الأطفال
670 ## - SOURCE DATA FOUND
- Source citation: Work cat.: (JO-AjAnu)4463: عطا،إبراهيم محمد , author 8646, عوامل التشويق في القصة القصيرة لطفل المدرسة الإبتدائية